000 00236nam a2200097Ia 4500
082 _aEF EWIN
245 0 _aThe fraud
100 _a EWING, Barbara London, 2009
_973377
942 _cBK
008 210817s9999 xx 000 0 und d
999 _c240245
_d240243